[Event "Africa-ch (Women)"]
[Site "Livingstone"]
[Date "2018.05.19"]
[Round "8"]
[White "Latreche, Khadidja"]
[Black "Tlale, Tshepang"]
[Result "1-0"]
[WhiteElo "1888"]
[BlackElo "1844"]
[PlyCount "43"]
[EventDate "2018.05.13"]
[EventType "swiss"]
[EventRounds "9"]
[EventCountry "ZAM"]
[SourceTitle "CBM 184 Extra"]
[Source "ChessBase"]
[SourceDate "2018.06.28"]
[SourceVersion "1"]
[SourceVersionDate "2018.06.28"]
[SourceQuality "1"]

1. e4 d5 2. exd5 Nf6 3. Bb5+ Bd7 4. Be2 Bc8 5. d4 Nxd5 6. Nf3 Bf5 7. 0-0 e6 8. a3 Nc6 9. c4 Nb6 10. Nc3 Be7 11. h3 0-0 12. Be3 Bf6 13. b4 e5 14. dxe5 Nxe5 15. Nxe5 Bxe5 16. Qb3 Qf6 17. Rac1 Qg6 18. Kh1 Rad8 19. Bxb6 axb6 20. Nd5 Rfe8 21. Rfd1 c6 22. Ne7+ 1-0

[Event "Africa-ch (Women)"]
[Site "Livingstone"]
[Date "2018.05.18"]
[Round "7"]
[White "Tlale, Tshepang"]
[Black "Mezioud, Amina"]
[Result "0-1"]
[WhiteElo "1844"]
[BlackElo "2078"]
[PlyCount "116"]
[EventDate "2018.05.13"]
[EventType "swiss"]
[EventRounds "9"]
[EventCountry "ZAM"]
[SourceTitle "CBM 184 Extra"]
[Source "ChessBase"]
[SourceDate "2018.06.28"]
[SourceVersion "1"]
[SourceVersionDate "2018.06.28"]
[SourceQuality "1"]

1. Nf3 c5 2. c4 e6 3. g3 Nc6 4. Bg2 Nf6 5. 0-0 d5 6. b3 Be7 7. Bb2 0-0 8. e3 dxc4 9. bxc4 Qd3 10. Qb3 Rd8 11. Qxd3 Rxd3 12. Rd1 Rd8 13. Na3 Bd7 14. Ne5 Nxe5 15. Bxe5 Bc6 16. Bxc6 bxc6 17. Nc2 Rd7 18. Rab1 Rad8 19. Bc3 Rc8 20. d3 h6 21. Kf1 Ne8 22. Ke2 f6 23. Na1 e5 24. Nb3 Nc7 25. Na5 Na6 26. a3 Kf7 27. Rb2 Bd8 28. Rb7 Rxb7 29. Nxb7 Rb8 30. Nxd8+ Rxd8 31. Rb1 Rb8 32. Rxb8 Nxb8 33. d4 cxd4 34. exd4 exd4 35. Bxd4 a6 36. Kd3 Nd7 37. c5 Ke6 38. Kc4 g5 39. Kb4 Kd5 40. Be3 Ne5 41. Kc3 Nc4 42. Bd4 Nxa3 43. Bxf6 Nb5+ 44. Kb4 Nc7 45. f3 Ne6 46. Be7 Nd4 47. f4 g4 48. Ka5 Nf3 49. f5 Nxh2 50. f6 Ke6 51. Kxa6 Nf3 52. Kb6 Nd4 53. Bd6 Kxf6 54. Bf4 h5 55. Be3 Ke5 56. Bf4+ Kd5 57. Be3 Nf5 58. Bf4 h4 0-1

[Event "Africa KCF Inv tt"]
[Site "Brakpan"]
[Date "2017.10.07"]
[Round "5.4"]
[White "Tlale, Tshepang"]
[Black "Mwango, Lorita"]
[Result "1-0"]
[WhiteElo "1894"]
[BlackElo "1970"]
[PlyCount "131"]
[EventDate "2017.10.05"]
[EventType "team-tourn"]
[EventRounds "7"]
[EventCountry "RSA"]
[SourceTitle "CBM 181 Extra"]
[Source "ChessBase"]
[SourceDate "2017.12.12"]
[SourceVersion "1"]
[SourceVersionDate "2017.12.12"]
[SourceQuality "1"]
[WhiteTeam "RSA Inv III"]
[BlackTeam "Zambia"]
[WhiteTeamCountry "RSA"]
[BlackTeamCountry "ZAM"]

1. e4 c5 2. Nf3 Nc6 3. d4 cxd4 4. Nxd4 g6 5. c4 Bg7 6. Be3 e6 7. Nb5 Bxb2 8. N1c3 Bxa1 9. Qxa1 f6 10. Be2 Kf7 11. 0-0 Kg7 12. Rd1 Nge7 13. Qc1 h5 14. Nd6 Qf8 15. Bc5 b6 16. Ba3 Ba6 17. Ncb5 Qb8 18. f4 Bb7 19. Nxb7 Qxb7 20. Bf3 Nc8 21. Qd2 Rd8 22. Nd4 e5 23. fxe5 fxe5 24. Nxc6 Qxc6 25. Qg5 Qf6 26. Qg3 h4 27. Qg4 d6 28. Bc1 Ne7 29. Be2 Qf7 30. Rf1 Qe8 31. Qxh4 Ng8 32. Bg5 Rd7 33. Bf6+ Nxf6 34. Qxf6+ Kg8 35. Bg4 Re7 36. Rf3 Qf7 37. Qg5 Qh7 38. Rh3 Qg7 39. Rh6 Kf7 40. Qh4 Kg8 41. Qg5 Kf7 42. Rxg6 Qxg6 43. Bh5 Qxh5 44. Qxh5+ Kg7 45. Qg5+ Kf7 46. Qh6 Rd8 47. Kf2 Rdd7 48. Ke3 Kg8 49. g4 Rh7 50. Qe6+ Rdf7 51. g5 Kg7 52. g6 Rf6 53. Qxf6+ Kxf6 54. gxh7 Kg7 55. Kf3 Kxh7 56. Kg4 Kg6 57. a4 Kf6 58. Kh5 a6 59. h3 a5 60. h4 d5 61. cxd5 b5 62. axb5 a4 63. b6 a3 64. b7 a2 65. b8Q a1Q 66. Qf8# 1-0

[Event "Olympiad Women-41"]
[Site "Tromsoe"]
[Date "2014.08.04"]
[Round "3.2"]
[White "Tlale, Tshepang"]
[Black "Mission, Baby Edna"]
[Result "1-0"]
[WhiteElo "1798"]
[BlackElo "1546"]
[PlyCount "81"]
[EventDate "2014.08.02"]
[EventType "team-swiss"]
[EventRounds "11"]
[EventCountry "NOR"]
[SourceTitle "CBM 162"]
[Source "ChessBase"]
[SourceDate "2014.09.17"]
[SourceVersion "1"]
[SourceVersionDate "2014.09.17"]
[SourceQuality "1"]
[WhiteTeam "South Africa (W)"]
[BlackTeam "Palau (W)"]
[WhiteTeamCountry "RSA"]
[BlackTeamCountry "PAL"]

1. e4 e5 2. Nc3 Nf6 3. Bc4 Bb4 4. Nge2 d6 5. a3 Bxc3 6. Nxc3 Nc6 7. h3 Nd4 8. d3 Be6 9. Bxe6 Nxe6 10. 0-0 0-0 11. f4 exf4 12. Bxf4 Nxf4 13. Rxf4 Re8 14. Qf3 c6 15. Kh1 Re7 16. Rf1 Re6 17. Ne2 d5 18. Ng3 g6 19. Rxf6 Rxf6 20. Qxf6 Qxf6 21. Rxf6 Re8 22. Rd6 Kg7 23. exd5 cxd5 24. Rxd5 Re3 25. Rg5 h6 26. Nf5+ Kf6 27. Nxe3 Kxg5 28. d4 Kf6 29. c4 Ke6 30. g4 Kd6 31. b4 Kc6 32. d5+ Kd6 33. c5+ Kd7 34. b5 Kc7 35. Kg2 b6 36. c6 Kd6 37. Nc4+ Kc7 38. d6+ Kd8 39. Ne5 Kc8 40. d7+ Kc7 41. Nxf7 1-0

[Event "Africa-ch (Women)"]
[Site "Tunis"]
[Date "2013.05.26"]
[Round "8"]
[White "Tlale, Tshepang"]
[Black "Wafa, Shrook"]
[Result "1-0"]
[WhiteElo "1790"]
[BlackElo "1965"]
[PlyCount "101"]
[EventDate "2013.05.18"]
[EventType "swiss"]
[EventRounds "9"]
[EventCountry "TUN"]
[SourceTitle "CBM 154 Extra"]
[Source "ChessBase"]
[SourceDate "2013.06.25"]
[SourceVersion "2"]
[SourceVersionDate "2013.06.25"]
[SourceQuality "1"]

1. e4 c5 2. Nf3 Nc6 3. d4 cxd4 4. Nxd4 g6 5. c4 Bg7 6. Be3 Nf6 7. Nc3 d6 8. Be2 Bd7 9. 0-0 0-0 10. Rc1 Rc8 11. b3 Re8 12. Qd2 Qa5 13. f3 a6 14. Nxc6 bxc6 15. Rfd1 Be6 16. Na4 Qxd2 17. Rxd2 d5 18. exd5 cxd5 19. c5 d4 20. Rxd4 Nd5 21. Rxd5 Bxd5 22. Nb6 Rcd8 23. c6 Bxc6 24. Rxc6 Bd4 25. Bxd4 Rxd4 26. Nc4 Ra8 27. b4 Kf8 28. Kf2 Ke8 29. Nb6 Rb8 30. a3 Rd2 31. Nc4 Ra2 32. Rxa6 f6 33. Ke3 Rc8 34. b5 Rxe2+ 35. Kxe2 Rxc4 36. Kd3 Rc5 37. a4 Kd7 38. Ra7+ Kd6 39. Ra6+ Kd5 40. b6 Rc1 41. a5 Kc6 42. Ra7 Rb1 43. Rxe7 Rb5 44. Rc7+ Kd6 45. Ra7 Kc6 46. Kc4 Rb2 47. Rc7+ Kd6 48. Rxh7 Kc6 49. Rf7 Rxg2 50. b7 Rb2 51. a6 1-0

[Event "Africa-ch (Women)"]
[Site "Tunis"]
[Date "2013.05.22"]
[Round "5"]
[White "Tlale, Tshepang"]
[Black "Elansary, Eman"]
[Result "0-1"]
[WhiteElo "1790"]
[BlackElo "1859"]
[PlyCount "98"]
[EventDate "2013.05.18"]
[EventType "swiss"]
[EventRounds "9"]
[EventCountry "TUN"]
[SourceTitle "CBM 154 Extra"]
[Source "ChessBase"]
[SourceDate "2013.06.25"]
[SourceVersion "2"]
[SourceVersionDate "2013.06.25"]
[SourceQuality "1"]

1. e4 Nf6 2. e5 Nd5 3. c4 Nb6 4. d4 d6 5. exd6 cxd6 6. Nc3 g6 7. Be3 Bg7 8. Rc1 0-0 9. Nf3 e5 10. Be2 Nc6 11. 0-0 h6 12. dxe5 dxe5 13. c5 Nd7 14. b3 b6 15. Bb5 Bb7 16. cxb6 Nxb6 17. Bc5 Qxd1 18. Rfxd1 Rfd8 19. Ne2 Rxd1+ 20. Rxd1 Rd8 21. Rxd8+ Nxd8 22. Nd2 Ne6 23. b4 a6 24. Be8 Nd5 25. Nc4 Nd8 26. Nd6 Ba8 27. a4 Bf8 28. Ng3 Nf6 29. Bb5 axb5 30. axb5 Nb7 31. Nxb7 Bxb7 32. f3 Nd7 33. Bxf8 Kxf8 34. Ne4 Bxe4 35. fxe4 Ke7 36. Kf2 Kd6 37. Ke3 Kc7 38. Kd3 Nb6 39. g4 Kd6 40. h4 g5 41. hxg5 hxg5 42. Kc3 Nd7 43. Kc4 Nf6 44. b6 Kc6 45. b7 Kxb7 46. Kc5 Nxe4+ 47. Kd5 Nf6+ 48. Kxe5 Nxg4+ 49. Kf5 f6 0-1

[Event "Africa-ch (Women)"]
[Site "Tunis"]
[Date "2013.05.21"]
[Round "4"]
[White "Abdi, Zineb Dina"]
[Black "Tlale, Tshepang"]
[Result "1/2-1/2"]
[WhiteElo "1905"]
[BlackElo "1790"]
[PlyCount "95"]
[EventDate "2013.05.18"]
[EventType "swiss"]
[EventRounds "9"]
[EventCountry "TUN"]
[SourceTitle "CBM 154 Extra"]
[Source "ChessBase"]
[SourceDate "2013.06.25"]
[SourceVersion "2"]
[SourceVersionDate "2013.06.25"]
[SourceQuality "1"]

1. e4 c5 2. Nf3 d6 3. d4 cxd4 4. Nxd4 Nf6 5. Bd3 Nc6 6. Nxc6 bxc6 7. c4 g6 8. Nc3 Bg7 9. 0-0 0-0 10. Qe2 Qc7 11. Bd2 Rb8 12. b3 Nd7 13. Rac1 Nc5 14. Bb1 Ne6 15. Be3 Nd4 16. Qd2 c5 17. Rcd1 a6 18. f4 e6 19. Ne2 Nxe2+ 20. Qxe2 Bb7 21. Qd2 Rbd8 22. f5 exf5 23. exf5 Qc6 24. Rf2 Rfe8 25. Kh1 Rd7 26. Bf4 Bd4 27. Re2 Rde7 28. Rxe7 Rxe7 29. Bd3 Re8 30. Bf1 d5 31. cxd5 Qxd5 32. fxg6 hxg6 33. Re1 Re4 34. Bg3 Qe6 35. Rxe4 Qxe4 36. Qe2 Qc6 37. Bf2 Qf6 38. Kg1 Kg7 39. Bxd4 cxd4 40. g3 Qb6 41. Bg2 Bxg2 42. Kxg2 d3 43. Qd2 Qd4 44. Kf3 f5 45. h4 Qd5+ 46. Kf2 Qc5+ 47. Kf3 Qc6+ 48. Kf2 1/2-1/2

[Event "Africa-ch (Women)"]
[Site "Maputo"]
[Date "2011.06.03"]
[Round "1"]
[White "Mezioud, Amina"]
[Black "Tlale, Tshepang"]
[Result "1-0"]
[WhiteElo "2037"]
[BlackElo "1739"]
[PlyCount "89"]
[EventDate "2011.06.03"]
[EventType "swiss"]
[EventRounds "9"]
[EventCountry "MOZ"]
[SourceTitle "CBM 142 Extra"]
[Source "ChessBase"]
[SourceDate "2011.06.27"]
[SourceVersion "1"]
[SourceVersionDate "2011.06.27"]
[SourceQuality "1"]

1. e4 c5 2. c3 d5 3. exd5 Qxd5 4. d4 cxd4 5. cxd4 Nc6 6. Nf3 Bg4 7. Be2 Rd8 8. Nc3 Qa5 9. Be3 Nf6 10. h3 Bxf3 11. Bxf3 Nxd4 12. Bxd4 e5 13. Qe2 Rxd4 14. Bxb7 Bb4 15. Bc6+ Ke7 16. 0-0 Rhd8 17. Nb5 Rd2 18. Qxe5+ Kf8 19. a3 Bd6 20. Qc3 Qb6 21. Nxd6 R8xd6 22. Bf3 Qxb2 23. Qc8+ Rd8 24. Qc5+ Kg8 25. Qxa7 h6 26. a4 Nd5 27. Rad1 Nc3 28. Rxd2 Rxd2 29. a5 Qb5 30. a6 Ra2 31. Qd4 Ne2+ 32. Bxe2 Rxe2 33. a7 Re8 34. Rd1 Kh7 35. Qd3+ Qxd3 36. Rxd3 Re1+ 37. Kh2 Ra1 38. Rd7 Kg6 39. g4 Kf6 40. h4 g5 41. h5 Ra3 42. Rb7 Kg7 43. Kg2 Kf6 44. Kf1 Ra6 45. Rb6+ 1-0